[Event "Plzen op 9th"]
[Site "Plzen"]
[Date "2017.11.25"]
[Round "7"]
[White "Ryabov, Igor"]
[Black "Malinovsky, Petr"]
[Result "1-0"]
[WhiteElo "1952"]
[BlackElo "1996"]
[PlyCount "53"]
[EventDate "2017.11.19"]
[EventType "swiss"]
[EventRounds "7"]
[EventCountry "CZE"]
[SourceTitle "CBM 181 Extra"]
[Source "ChessBase"]
[SourceDate "2017.12.12"]
[SourceVersion "1"]
[SourceVersionDate "2017.12.12"]
[SourceQuality "1"]

1. e4 c5 2. Nf3 e6 3. g3 Nc6 4. Bg2 d5 5. e5 f6 6. exf6 Nxf6 7. 0-0 Bd6 8. d4 cxd4 9. Nxd4 0-0 10. c4 Nxd4 11. Qxd4 Qe7 12. cxd5 exd5 13. Nc3 Bc5 14. Nxd5 Nxd5 15. Qxd5+ Be6 16. Qe5 Rf5 17. Qe4 Qf6 18. Be3 Rf8 19. Bxc5 Rxc5 20. Qe3 b6 21. Rac1 Re5 22. Qd3 Rd8 23. Qc3 Re2 24. Rce1 Rdd2 25. Rxe2 Rxe2 26. Qc6 Rxb2 27. Qe8+ 1-0

[Event "Plzen op 9th"]
[Site "Plzen"]
[Date "2017.11.24"]
[Round "6"]
[White "Chudek, Lubomir"]
[Black "Ryabov, Igor"]
[Result "0-1"]
[WhiteElo "1731"]
[BlackElo "1952"]
[PlyCount "73"]
[EventDate "2017.11.19"]
[EventType "swiss"]
[EventRounds "7"]
[EventCountry "CZE"]
[SourceTitle "CBM 181 Extra"]
[Source "ChessBase"]
[SourceDate "2017.12.12"]
[SourceVersion "1"]
[SourceVersionDate "2017.12.12"]
[SourceQuality "1"]

1. e4 e5 2. Nf3 Nc6 3. Bc4 Bc5 4. c3 Qe7 5. 0-0 Nf6 6. d4 Bb6 7. d5 Nb8 8. Bd3 d6 9. h3 Nbd7 10. Qe2 c6 11. c4 cxd5 12. cxd5 a6 13. a3 Nc5 14. Bc2 Bd7 15. Nc3 a5 16. Be3 a4 17. Qd1 0-0 18. Re1 Ba5 19. Bxc5 dxc5 20. Re3 b5 21. d6 Qe6 22. Ng5 Qe8 23. Nd5 Nxd5 24. Qxd5 Bc6 25. Qd1 h6 26. Nf3 Qe6 27. Nh4 g6 28. Rg3 Kh7 29. Qf3 Rad8 30. Qe3 Rxd6 31. Qxc5 Rfd8 32. Nxg6 fxg6 33. Qa7+ R6d7 34. Qxa5 Rd2 35. Qc3 Qd6 36. Rf3 Bb7 37. Qe3 0-1

[Event "Plzen op 9th"]
[Site "Plzen"]
[Date "2017.11.22"]
[Round "4"]
[White "Ryabov, Igor"]
[Black "Leseticky, Vladimir"]
[Result "1/2-1/2"]
[WhiteElo "1952"]
[BlackElo "1720"]
[PlyCount "85"]
[EventDate "2017.11.19"]
[EventType "swiss"]
[EventRounds "7"]
[EventCountry "CZE"]
[SourceTitle "CBM 181 Extra"]
[Source "ChessBase"]
[SourceDate "2017.12.12"]
[SourceVersion "1"]
[SourceVersionDate "2017.12.12"]
[SourceQuality "1"]

1. e4 e5 2. Nf3 Nc6 3. Bc4 Be7 4. d3 Nf6 5. c3 0-0 6. Nbd2 d5 7. Bb3 Bg4 8. Qe2 Nh5 9. 0-0 Nf4 10. Qe3 d4 11. cxd4 Nxd4 12. Nxd4 Bg5 13. Qg3 Be2 14. N2f3 Bxf3 15. Qxf3 Qxd4 16. Qg4 Bf6 17. Bxf4 exf4 18. Qxf4 Be5 19. Qf5 g6 20. Qf3 Qxb2 21. Rac1 Rad8 22. Rc4 c6 23. Rb4 b6 24. Qe3 Qc3 25. Rc4 Qxd3 26. Qxd3 Rxd3 27. Rxc6 Rfd8 28. g3 Rd2 29. Bd5 Rd7 30. h4 Kg7 31. Kg2 h5 32. Rfc1 Bd4 33. R1c2 Rxc2 34. Rxc2 Bc5 35. Rd2 Kf6 36. f4 Ke7 37. Kf3 Rc7 38. e5 Bb4 39. Rd3 Rc3 40. Rxc3 Bxc3 41. g4 Be1 42. gxh5 gxh5 43. f5 1/2-1/2

[Event "Teteven op 29th"]
[Site "Teteven"]
[Date "2014.08.11"]
[Round "3"]
[White "Ryabov, Igor"]
[Black "Milanov, Milan"]
[Result "1-0"]
[WhiteElo "1956"]
[BlackElo "1673"]
[PlyCount "99"]
[EventDate "2014.08.09"]
[EventType "swiss"]
[EventRounds "9"]
[EventCountry "BUL"]
[SourceTitle "CBM 162 Extra"]
[Source "ChessBase"]
[SourceDate "2014.10.17"]
[SourceVersion "1"]
[SourceVersionDate "2014.10.17"]
[SourceQuality "1"]

1. e4 c5 2. Nf3 Nc6 3. Bb5 e6 4. Bxc6 bxc6 5. 0-0 g6 6. d3 Bg7 7. c3 Ne7 8. Be3 d6 9. Qa4 0-0 10. Nbd2 a5 11. e5 Ba6 12. exd6 Qxd6 13. Ne4 Qc7 14. Nxc5 Bb5 15. Qe4 Nf5 16. a4 Ba6 17. Nxa6 Rxa6 18. Bc5 Rd8 19. Qc4 Raa8 20. d4 Qd7 21. Qe2 Rab8 22. Rab1 Qd5 23. Nd2 e5 24. Qc4 exd4 25. cxd4 Bxd4 26. Bxd4 Nxd4 27. Kh1 Rb4 28. Qd3 Rxa4 29. Ne4 Kg7 30. Nc3 Qc4 31. Qe4 Rb4 32. Qe5+ Kg8 33. Ne4 Rb5 34. Qe7 Rbb8 35. Rfe1 Ne6 36. Nf6+ Kg7 37. Nxh7 Re8 38. Qf6+ Kxh7 39. Qxf7+ Kh6 40. Re3 Qc2 41. Rh3+ Kg5 42. Rg3+ Kh6 43. Rh3+ Kg5 44. f4+ Nxf4 45. Rg3+ Kh6 46. Qxf4+ Kg7 47. Qd4+ Kg8 48. Rf1 Re6 49. Qf4 Rb7 50. Qf8+ 1-0

[Event "Rethymno op 5th"]
[Site "Rethymno"]
[Date "2013.08.03"]
[Round "8"]
[White "Kourkoulos Arditis, Stamatis"]
[Black "Ryabov, Igor"]
[Result "1/2-1/2"]
[WhiteElo "2185"]
[BlackElo "1950"]
[PlyCount "93"]
[EventDate "2013.07.28"]
[EventType "swiss"]
[EventRounds "9"]
[EventCountry "GRE"]
[SourceTitle "CBM 155 Extra"]
[Source "ChessBase"]
[SourceDate "2013.08.26"]
[SourceVersion "1"]
[SourceVersionDate "2013.08.26"]
[SourceQuality "1"]

1. e4 e5 2. Nf3 Nc6 3. Bb5 Nf6 4. d3 Bc5 5. 0-0 Nd4 6. Nxd4 Bxd4 7. c3 Bb6 8. d4 c6 9. Bd3 d6 10. Bc2 Qe7 11. Re1 Be6 12. a4 a6 13. b3 c5 14. d5 Bg4 15. Qd3 0-0 16. Nd2 Bc7 17. Nc4 Nh5 18. h3 Bd7 19. g4 b5 20. Na3 Nf6 21. f4 c4 22. bxc4 Bb6+ 23. Be3 Bxe3+ 24. Qxe3 exf4 25. Qxf4 Rac8 26. Rad1 Rfe8 27. axb5 axb5 28. Bd3 Bxg4 29. hxg4 Qa7+ 30. Kg2 Qxa3 31. Rh1 bxc4 32. g5 Qxc3 33. Bb1 Rb8 34. gxf6 Rb2+ 35. Kf1 Reb8 36. Rg1 Qh3+ 37. Ke1 Rxb1 38. Qg3 Rxd1+ 39. Kxd1 Qh5+ 40. Qg4 Rb1+ 41. Kc2 Qxg4 42. Rxg4 Rf1 43. Rxg7+ Kf8 44. Rxh7 Rxf6 45. Rh8+ Ke7 46. Rc8 Rf3 47. Rxc4 1/2-1/2

[Event "Rethymno op 5th"]
[Site "Rethymno"]
[Date "2013.08.01"]
[Round "6"]
[White "Naoum, Spyridon"]
[Black "Ryabov, Igor"]
[Result "1-0"]
[WhiteElo "2207"]
[BlackElo "1950"]
[PlyCount "90"]
[EventDate "2013.07.28"]
[EventType "swiss"]
[EventRounds "9"]
[EventCountry "GRE"]
[SourceTitle "CBM 155 Extra"]
[Source "ChessBase"]
[SourceDate "2013.08.26"]
[SourceVersion "1"]
[SourceVersionDate "2013.08.26"]
[SourceQuality "1"]

1. d4 e6 2. g3 f5 3. Bg2 Nf6 4. c4 Be7 5. Nc3 0-0 6. Nf3 d6 7. 0-0 Ne4 8. Qc2 Nxc3 9. Qxc3 Nd7 10. b4 Bf6 11. Bb2 e5 12. d5 c5 13. dxc6 bxc6 14. Qc2 e4 15. Nd4 Ne5 16. f3 Qb6 17. fxe4 Ng4 18. Qd2 Ne5 19. Rac1 Ba6 20. c5 dxc5 21. bxc5 Qd8 22. Qf4 Ng6 23. Qd6 Be5 24. Qe6+ Kh8 25. Rcd1 Qc7 26. exf5 Rf6 27. Qb3 Nf8 28. Ba1 Qa5 29. Qc2 Qc7 30. Qa4 Bxd4+ 31. Bxd4 Bxe2 32. Bxf6 gxf6 33. Rd6 Bxf1 34. Bxf1 Rc8 35. Qd4 Qg7 36. Bg2 Qg5 37. Rxf6 Qg7 38. Bxc6 Kg8 39. Bd5+ Kh8 40. c6 Rd8 41. c7 Rc8 42. Be6 Nxe6 43. fxe6 Re8 44. e7 Kg8 45. Rf8+ Rxf8 1-0

[Event "Rethymno op 5th"]
[Site "Rethymno"]
[Date "2013.07.30"]
[Round "4"]
[White "Theodorou, Nikolas"]
[Black "Ryabov, Igor"]
[Result "1-0"]
[WhiteElo "2125"]
[BlackElo "1950"]
[PlyCount "85"]
[EventDate "2013.07.28"]
[EventType "swiss"]
[EventRounds "9"]
[EventCountry "GRE"]
[SourceTitle "CBM 155 Extra"]
[Source "ChessBase"]
[SourceDate "2013.08.26"]
[SourceVersion "1"]
[SourceVersionDate "2013.08.26"]
[SourceQuality "1"]

1. d4 Nf6 2. Nf3 d6 3. c4 c6 4. Nc3 Nbd7 5. Bf4 Qa5 6. Qd2 e5 7. Bg3 Be7 8. e3 a6 9. a3 Nh5 10. Bh4 Qd8 11. Bg3 Nxg3 12. hxg3 exd4 13. Nxd4 Ne5 14. Qc2 g6 15. e4 Ng4 16. Rd1 Bf6 17. Nf3 Qe7 18. Qd2 0-0 19. Be2 Re8 20. Nd4 Bg7 21. 0-0 Bh6 22. Qc2 Ne5 23. Rfe1 Bd7 24. b3 Rad8 25. f4 Ng4 26. Bf3 Bg7 27. b4 h5 28. b5 h4 29. Qe2 f5 30. Bxg4 fxg4 31. bxc6 Bxd4+ 32. Rxd4 bxc6 33. Red1 hxg3 34. Rxd6 Be6 35. e5 Qh7 36. Qe4 Qh2+ 37. Kf1 Rxd6 38. Rxd6 Kf7 39. Qxc6 Qh7 40. Ke2 Rc8 41. Qb7+ Kg8 42. Qxh7+ Kxh7 43. Rxe6 1-0

[Event "Paleochora op 5th"]
[Site "Paleochora"]
[Date "2012.07.23"]
[Round "9"]
[White "Gamback, Bjorn"]
[Black "Ryabov, Igor"]
[Result "1/2-1/2"]
[WhiteElo "2192"]
[BlackElo "1949"]
[PlyCount "27"]
[EventDate "2012.07.16"]
[EventType "swiss"]
[EventRounds "9"]
[EventCountry "GRE"]
[SourceTitle "CBM 149 Extra"]
[Source "ChessBase"]
[SourceDate "2012.08.24"]
[SourceVersion "1"]
[SourceVersionDate "2012.08.24"]
[SourceQuality "1"]

1. d4 Nf6 2. c4 e5 3. dxe5 Ng4 4. Bf4 Bb4+ 5. Nd2 d6 6. exd6 Qf6 7. e3 Bxd6 8. Ngf3 Bxf4 9. exf4 0-0 10. Be2 Qxf4 11. 0-0 Nc6 12. h3 Nf6 13. Qb3 Rb8 14. Rfe1 1/2-1/2

[Event "Paleochora op 5th"]
[Site "Paleochora"]
[Date "2012.07.17"]
[Round "3"]
[White "Nogly, Christoph"]
[Black "Ryabov, Igor"]
[Result "1-0"]
[WhiteElo "2287"]
[BlackElo "1949"]
[PlyCount "89"]
[EventDate "2012.07.16"]
[EventType "swiss"]
[EventRounds "9"]
[EventCountry "GRE"]
[SourceTitle "CBM 149 Extra"]
[Source "ChessBase"]
[SourceDate "2012.08.24"]
[SourceVersion "1"]
[SourceVersionDate "2012.08.24"]
[SourceQuality "1"]

1. d4 Nf6 2. Nf3 d5 3. c4 dxc4 4. e3 e6 5. Bxc4 Be7 6. 0-0 0-0 7. Qe2 c5 8. dxc5 Bxc5 9. b3 a6 10. Bb2 b5 11. Bd3 Bb7 12. a4 bxa4 13. Rxa4 a5 14. Rd1 Qe7 15. Nbd2 Bb4 16. Nc4 Nbd7 17. Bc2 Nc5 18. Ra2 Nfe4 19. Nfe5 Nc3 20. Bxc3 Bxc3 21. f3 Ba6 22. Bxh7+ Kh8 23. Qc2 Bxc4 24. Nxc4 Bf6 25. Bd3 Na6 26. Rxa5 g6 27. Qe2 Nb4 28. Rxa8 Rxa8 29. f4 Ra2 30. Qf3 Bc3 31. Bf1 Nd5 32. e4 Qc5+ 33. Kh1 Rf2 34. Qh3+ Kg8 35. exd5 Qxd5 36. Qd3 Bd4 37. Ne5 Rxf4 38. Nf3 e5 39. Qc4 Qe4 40. Qd3 Qd5 41. Be2 Kg7 42. Nxd4 exd4 43. Bf3 Qa5 44. g3 Rf5 45. Qxd4+ 1-0

[Event "Neos Marmaras op 4th"]
[Site "Neos Marmaras"]
[Date "2012.04.20"]
[Round "6"]
[White "Papasimakopoulos, Alexandros"]
[Black "Ryabov, Igor"]
[Result "1-0"]
[WhiteElo "2019"]
[BlackElo "2009"]
[PlyCount "91"]
[EventDate "2012.04.16"]
[EventType "swiss"]
[EventRounds "9"]
[EventCountry "GRE"]
[SourceTitle "CBM 148 Extra"]
[Source "ChessBase"]
[SourceDate "2012.06.22"]
[SourceVersion "1"]
[SourceVersionDate "2012.06.22"]
[SourceQuality "1"]

1. d4 Nf6 2. c4 e5 3. dxe5 Ng4 4. e3 Nxe5 5. Nh3 Bc5 6. Be2 d6 7. Nf4 Bf5 8. Nc3 Nbd7 9. Nfd5 a6 10. e4 Be6 11. Be3 c6 12. Bxc5 dxc5 13. Ne3 Nb6 14. b3 Qf6 15. 0-0 Ng6 16. Qc2 Nf4 17. Kh1 0-0 18. Rfe1 Rad8 19. Bf1 Rd4 20. g3 Nh5 21. Ne2 Rd7 22. f4 Rfd8 23. Rad1 Qh6 24. Bg2 Nf6 25. Bf3 Bh3 26. Rxd7 Rxd7 27. Rd1 g6 28. a4 Rxd1+ 29. Qxd1 Qf8 30. a5 Na8 31. e5 Ne8 32. g4 h5 33. gxh5 Be6 34. Qg1 Qg7 35. hxg6 fxg6 36. Nc3 Nac7 37. Ne4 Qh6 38. f5 Qf4 39. Qxg6+ Kf8 40. Ng5 Qxe3 41. fxe6 Qf4 42. Qf7+ Qxf7 43. exf7 Ng7 44. Bg4 Ke7 45. Kg2 Na8 46. h4 1-0

[Event "Neos Marmaras op 4th"]
[Site "Neos Marmaras"]
[Date "2012.04.16"]
[Round "1"]
[White "Drljevic, Ljilja"]
[Black "Ryabov, Igor"]
[Result "1-0"]
[WhiteElo "2278"]
[BlackElo "2009"]
[PlyCount "113"]
[EventDate "2012.04.16"]
[EventType "swiss"]
[EventRounds "9"]
[EventCountry "GRE"]
[SourceTitle "CBM 148 Extra"]
[Source "ChessBase"]
[SourceDate "2012.06.22"]
[SourceVersion "1"]
[SourceVersionDate "2012.06.22"]
[SourceQuality "1"]

1. e4 Nf6 2. d3 e5 3. Nf3 Nc6 4. g3 Bb4+ 5. c3 Be7 6. Bg2 d5 7. Qe2 Bg4 8. h3 Bxf3 9. Qxf3 dxe4 10. dxe4 Qd7 11. 0-0 0-0-0 12. Re1 h6 13. Nd2 g5 14. Nc4 Kb8 15. Qf5 Qe6 16. Qxe6 fxe6 17. a4 Ne8 18. b4 Nd6 19. Bf1 Rhf8 20. b5 Nxc4 21. Bxc4 Na5 22. Bxe6 Rd3 23. Re2 Bc5 24. Kg2 Rxc3 25. Bb2 Rd3 26. Rh1 Bxf2 27. Rxf2 Rxf2+ 28. Kxf2 Rd2+ 29. Kf3 Rxb2 30. h4 c6 31. hxg5 hxg5 32. Kg4 Kc7 33. Kxg5 Kd6 34. Kf6 Rf2+ 35. Bf5 Nc4 36. Rh7 cxb5 37. axb5 a5 38. Rxb7 Kc5 39. g4 a4 40. g5 Nd6 41. Rc7+ Kxb5 42. Kxe5 Kb6 43. Rc1 Nf7+ 44. Kf6 Nd6 45. Ke6 Ne8 46. g6 Ng7+ 47. Kf6 Ne8+ 48. Ke5 Ng7 49. Ra1 Ka5 50. Bd7 Rg2 51. Rxa4+ Kb6 52. Kf6 Nh5+ 53. Kf7 Kc7 54. Bf5 Kd6 55. Ra6+ Ke5 56. Ra5+ Kf4 57. Bh3 1-0

[Event "Sunny Beach op 10th"]
[Site "Sunny Beach"]
[Date "2011.09.02"]
[Round "7"]
[White "Orev, Petar"]
[Black "Ryabov, Igor"]
[Result "1-0"]
[WhiteElo "2241"]
[BlackElo "1994"]
[PlyCount "98"]
[EventDate "2011.08.27"]
[EventType "swiss"]
[EventRounds "9"]
[EventCountry "BUL"]
[SourceTitle "CBM 144 Extra"]
[Source "ChessBase"]
[SourceDate "2011.10.28"]
[SourceVersion "1"]
[SourceVersionDate "2011.10.28"]
[SourceQuality "1"]

1. e4 e6 2. d4 d5 3. Nc3 dxe4 4. Nxe4 Bd7 5. Nf3 Bc6 6. Bd3 Nd7 7. 0-0 Ngf6 8. Qe2 h6 9. Bf4 Nxe4 10. Bxe4 Bxe4 11. Qxe4 c6 12. c4 Nf6 13. Qe3 Bd6 14. Rfd1 Ng4 15. Qe4 Nf6 16. Qe3 Ng4 17. Qd2 Qc7 18. Bxd6 Qxd6 19. h3 Nf6 20. Qe3 0-0 21. Ne5 Rad8 22. Rac1 Qb4 23. b3 Qa3 24. Qc3 Qxa2 25. Ra1 Qxf2+ 26. Kxf2 Ne4+ 27. Ke3 Nxc3 28. Rd3 f6 29. Nf3 e5 30. dxe5 a6 31. Rxc3 fxe5 32. Rd3 Rxd3+ 33. Kxd3 g5 34. Re1 b5 35. c5 Rd8+ 36. Kc3 a5 37. Nxe5 Rd5 38. Nd3 Kf7 39. Re5 Rd8 40. g4 Kf6 41. Rf5+ Ke6 42. Ne5 Rc8 43. Nf3 Ke7 44. Nd4 Rc7 45. Re5+ Kd7 46. Re6 a4 47. bxa4 Ra7 48. Rd6+ Ke8 49. axb5 cxb5 1-0